Представление документа в формате MARC21

Поле Инд. ПП Название Значение
Тип записи a
Библиографический уровень b
001 Контрольный номер DU/528810800
005 Дата корректировки 20260128104212.2
008 Кодируемые данные 20161003
040 b Код языка каталог. rus
e Правила каталог. PSBO
041 0_ a Код языка текста rus
084 a Индекс другой классификации/Индекс ББК 65.291.3в631
100 1_ a Автор Сулицкий В. Н.
245 10 a Заглавие Экономико-математические методы в принятии маркетинговых решений
520 0_ a Аннотация Статья посвящена применению математико-статистических методов в маркетинговом планировании и управлении. Представлен пример использования регрессионного анализа, где количественно оценивается, в какой степени показатели цены и затрат на рекламу влияют на изменение объема продаж. Рассматривается возможность изучения факторов, определяющих продвижение на рынок промышленных товаров с помощью модели факторного анализа. Особое внимание уделяется методам математической теории игр. На основе методов этой теории оцениваются некоторые практические решения в области рекламной деятельности
650 14 a Основная рубрика маркетинг
a Основная рубрика экономика
a Основная рубрика экономика предприятия
653 1_ a Ключевые слова затраты на рекламу
a Ключевые слова маркетинговая деятельность предприятия
a Ключевые слова маркетинговое планирование
a Ключевые слова маркетинговые решения
a Ключевые слова маркетинговые стратегии
a Ключевые слова маркетинговый инструментарий
a Ключевые слова математико-статистические методы
a Ключевые слова математическая теория игр
a Ключевые слова математические методы
a Ключевые слова объем продаж
a Ключевые слова потребительский спрос
a Ключевые слова продвижение товара
a Ключевые слова регрессионный анализ
a Ключевые слова реклама
a Ключевые слова рекламная деятельность
a Ключевые слова состязательность
a Ключевые слова социально-демографические факторы
a Ключевые слова статистические методы
a Ключевые слова теория игр
a Ключевые слова управление маркетингом
a Ключевые слова факторный анализ
a Ключевые слова экономико-математические методы
773 08 t Заглавие источника Маркетинг в России и за рубежом
d Дата издания источника 2016
g Прочая информация № 4. - С. 13 - 22
w Контрольный № источника DU/524765833
901 t Тип документа b